000 00631nam a2200217 i 4500
001 150109
003 ES-MaACL
005 20260525062935.0
007 t|
008 071026s1961 sp ||||1| spa d
080 _a821.134.2-31"19"
100 1 _aValle-Inclán, Ramón del,
_d1866-1936
_eaut
_9112796
245 1 0 _aBaza de espadas :
_b(El ruedo ibérico) /
_cRamón del Valle-inclán.
260 _aMadrid :
_bEspasa-Calpe,
_c[1961]
300 _a221 p. ;
_c18 cm.
490 1 _aColección austral ;
_v1311
830 0 _aColección austral
_v1311
_9177655
852 _aES-MaACL
_jG-10129
942 _2udc
999 _c150109
_d150109